000 00479nam a2200193Ia 4500
005 20240823013059.0
008 240823s9999||||xx |||||||||||||| ||und||
020 _a81-259-1377-7
041 _aENGLISH
082 _A658.562 P3
100 _aPradeep Kumar Mathur
245 0 _aImplementing ISO 9001 : 2000
250 _a1st
260 _c2002
_b"Vikas Pub.,New "
_aNew Delhi
500 _aTRANSFERED
650 _aISO
_bManagement Studies
942 _cBK
999 _c166230
_d166230